000 00909nam a2200205 i 4500
001 152914
003 ES-MaACL
005 20230906204927.0
008 990614q1899 sp a |||| | spa d
040 _aCCPB | B
_bspa
_cCCPB | B
100 1 _aCabello y Lapiedra, Luis María.
_933183
245 1 3 _aLa catedral de Ciudad Rodrigo
_b: memoria descriptiva /
_cpor Luis Mª Cabello y Lapiedra.
260 _aBarcelona :
_bAsociación de Arquitectos de Cataluña,
_c[1899?] (
_fImp. y Lit. de Henrich y C.ª)
300 _a30 p. :
_bil. ;
_c27 cm.
594 _aPrecede al tít.: Asociación de Arquitectos de Cataluña.
596 _aAl final del texto consta el año 1899.
610 2 4 _aCatedral de Santa María (Ciudad Rodrigo)
_9163134
710 2 _aAsociación de Arquitectos de Cataluña.
_91563
852 _aES-MaACL
_jT-996-F-1
_z- Enc. hol., conservando la enc. original
_z- Enc. en un vol. facticio
999 _c152914
_d152914